00529nam a22001577a 450000500170000001000280001702000260004503500130007103500130008403700130009708200080011024500660011826000440018427001210022830000220034920181018154654.0 aB-694041 B-710588 a9788123027388c350.00 aB-694041 aB-710588 bRK Books a954 aIndia 2018:bA reference annual /ccompiled by new media wing aNew DelhibPublications Divisionsc2018 aMinistry of Information and Broadcasting, Govt. of India, Soochna Bhawan, CGO Complex, Lodhi RoadbNew Delhie110003 a748p.c24Cm (Pbk)